000 01442nam a22002777i 4500
999 _c23109
_d23109
003 AR-CdUCM
008 241104b20232023 pe||||| |||| 00| 0 spa d
040 _aMUNICIPALIDAD PROVINCIAL DEL CUSCO
_cBIBLIOTECA MUNICIPAL DEL CUSCO
041 _hspa
082 _a376.5197 / U61
_bU61
110 _aUniversidad Nacional Amazónica Madre de Dios
_950765
245 _aCompendio estadístico 2022 :
_bDatos del año 2021 /
260 _aPuerto Maldonado :
_bUniversidad Nacional Amazónica de Madre de Dios
_c 2023
300 _a198 páginas. :
_c24 cm
505 _aPrincipales variables y datos académicos -- Demanda universitaria de pregrado -- Formación universitaria de pregrado -- Egresados, Graduados y titulados -- Personal docente y departamentos académicos -- Investigaciones y publicaciones -- Actividades académicos, culturales y deportivas -- Infraestructura , recursos físicos y tecnológicos -- Proyección social y extensión universitaria --Personal administrativo y obrero -- Bienestar estudiantil y atenciones de salud -- Información presupuestal
650 _aProgramas académicas
_950766
650 _aFacultades
_950767
650 _apostulantes
_950768
650 _aModalidad
_950769
650 _aEstudiantes
_91674
650 _aDocencia
_930457
650 _aActividades académicas
_950770
700 _aRoca Pedraza, Katerin (compilador)
_950771
942 _2ddc
_cLIBROS
945 _apbj
_d04-11-2024